| 000 | 00768nam a22002537a 4500 | ||
|---|---|---|---|
| 005 | 20170124110217.0 | ||
| 010 | _aA-710413 | ||
| 020 |
_c110.00 _a086131820 |
||
| 035 | _aA-710413 | ||
| 037 | _bCen Lib/Ret | ||
| 040 |
_aDPL _bEN |
||
| 082 |
_a301.153 _bGHA |
||
| 245 |
_aA Gandhi reader / _cedited by K. Swaminathan [and] C. N. Patel |
||
| 246 | _b | ||
| 260 |
_bOrient Longman _aCalcutta _c1988 |
||
| 270 |
_bCalcutta _a17 Chittaranjan Avenue _e700072 |
||
| 300 |
_axiii,172p. _c22cm(Hb) |
||
| 500 | _aIncludes index | ||
| 650 |
_aGandhi, -- Mahatma, -- 1869-1948 _939238 |
||
| 650 |
_aIndia -- History -- 20th century _939239 |
||
| 700 |
_aSwaminathan, K. _939240 |
||
| 700 |
_aPatel, C. N. _939241 |
||
| 942 |
_2ddc _cEN _h301.153 _mGHA |
||
| 999 |
_c133911 _d133911 |
||